Sports Quiz

Random Sports Quiz

College passing TD leaders by school Quiz Stats

Quiz not verified by Sporcle

Challenge
Share
Tweet
Embed
Score 0/26 Timer 07:00
0 Plays Today
Hint Answer % Correct
PurdueDrew Brees
96.7%
StanfordAndrew Luck
88.5%
TexasColt McCoy
86.9%
TennesseePayton Manning
86.9%
West VirginiaGeno Smith
82%
PittsburghDan Marino
82%
North Carolina StatePhilip Rivers
80.3%
NevadaColin Kaepernick
75.4%
Notre DameBrady Quinn
72.1%
Florida StateChris Weinke
68.9%
HoustonCase Keenum
67.2%
AlabamaA.J. McCarron
67.2%
BYUTy Detmer
67.2%
Hint Answer % Correct
MichiganChad Henne
60.7%
KentuckyTim Couch
60.7%
Miami (FL)Ken Dorsey
57.4%
HawaiiColt Brennan
55.7%
Michigan StateKirk Cousins
54.1%
FloridaDanny Wuerffel
52.5%
GeorgiaAaron Murray
52.5%
OklahomaLandry Jones
47.5%
USCMatt Barkley
44.3%
NebraskaTaylor Martinez
32.8%
Southern MississippiAustin Davis
23%
Ohio StateBobby Hoying
19.7%
Arizona StateAndrew Walter
14.8%

You're not logged in!

Compare scores with friends on all Sporcle quizzes.
Sign Up with Email
OR
Log In

You Might Also Like...

Show Comments

Extras

Top Quizzes Today


Score Distribution

Your Account Isn't Verified!

In order to create a playlist on Sporcle, you need to verify the email address you used during registration. Go to your Sporcle Settings to finish the process.